Most Overlooked Large Cities - Statistics

General Stats
  • This quiz has been taken 17 times
  • The average score is 13 of 25
Answer Stats
Guess Coverage City % Correct
3.02 Dhaka
79%
1.06 Guangzhou
79%
3.10 Mumbai
79%
3.80 Bangalore
64%
2.60 Delhi
64%
2.77 Jakarta
64%
3.01 Karachi
64%
3.73 Kolkata
64%
3.79 Lahore
64%
2.76 Manila
64%
3.58 Bangkok
57%
2.72 Chengdu
57%
3.62 Lagos
57%
2.37 Hangzhou
50%
3.67 São Paulo
50%
2.75 Xiamen
50%
3.19 Seoul
43%
2.34 Tokyo
43%
3.78 Cairo
36%
2.18 Changsha
36%
3.51 Mexico City
36%
2.64 Shenyang
36%
2.16 Shanghai
29%
2.00 Shantou
29%
2.24 Zhengzhou
29%
No matching quizzes found
Score Distribution
Percent of People with Each Score
Percentile by Number Answered
Your Score History
You have not taken this quiz